00745 2200265 4500001002100000005001700021008004100038020002200079035002500101040001200126082001000138084001600148100002200164245007400186250001100260260003500271300004000306500003100346650001600377700002000393850001200413990001800425990001800443990001800461INLIS00000000000696920150922073620.0  a978-979-002-621-6 a0010-061500000001090 aYOPDYOG a636.5 a636.5 Fer B aFERRY TAMALLUDDIN aBisnis pembesaran pullerc/ Ferry Tamalluddin ; editor B. Prasetya W. aCet.1. aJakartabPenebar Swadayac2014 a124 hlm.b: ilus.c; 23 cm [3 eks.] aBibliografi : hlm. 122-123 aTernak ayam aPrasetyo W., B. aYOPDYOG a13863-PD/B.15 a13864-PD/B.15 a13865-PD/B.15